| 000 | 00588nam a2200181Ia 4500 | ||
|---|---|---|---|
| 001 | 20848 | ||
| 005 | 20260306172835.0 | ||
| 008 | 260306t2024||||xx |||||||||||||| ||spa|| | ||
| 041 | _aESP | ||
| 082 |
_a343.8 _bH46 |
||
| 100 |
_aHerrada Córdova, Marco Antonio, _eAUT |
||
| 245 | 0 |
_aITAN 2023-2024 : _bprincipales aspectos para su determinación y declaración; Pagos a cuenta mensuales del impuesto a la renta, arrastre de saldos, compensación y devolución |
|
| 260 | _c2024 | ||
| 300 |
_a56, 56 páginas : _c24 cm. |
||
| 650 | _aGEN | ||
| 654 | _aCDE | ||
| 942 |
_cLIB _dJUS _fJUS _2ddc _n |
||
| 999 |
_c20848 _d20848 |
||